Weight Loss A to Z (Record no. 295451)
[ view plain ]
| 000 -LEADER | |
|---|---|
| fixed length control field | 00332nam a2200109Ia 4500 |
| 008 - FIXED-LENGTH DATA ELEMENTS--GENERAL INFORMATION | |
| fixed length control field | 160531s9999 xx 000 0 und d |
| 100 ## - MAIN ENTRY--PERSONAL NAME | |
| Personal name | Carter, Warwick. |
| 245 ## - TITLE STATEMENT | |
| Title | Weight Loss A to Z |
| 245 ## - TITLE STATEMENT | |
| Statement of responsibility, etc | by Warwick Carter |
| 260 ## - PUBLICATION, DISTRIBUTION, ETC. (IMPRINT) | |
| Date of publication, distribution, etc | 2012 |
| 856 ## - ELECTRONIC LOCATION AND ACCESS | |
| Uniform Resource Identifier | <a href="http://www.medwords.com.au/Medwords/MW_U_AtoZ_files/Weight%20Loss%20A%20to%20Z.pdf">http://www.medwords.com.au/Medwords/MW_U_AtoZ_files/Weight%20Loss%20A%20to%20Z.pdf</a> |
| Withdrawn status | Lost status | Damaged status | Home library | Current library | Date acquired | Total Checkouts | Date last seen | Price effective from | Koha item type |
|---|---|---|---|---|---|---|---|---|---|
| College Library | College Library | 05/31/2016 | 05/31/2016 | 05/31/2016 | Curriculum - Based eBooks |